Russian supplement to elsevier's dictionary of nuclear science and technology (Record no. 46553)
[ view plain ]
| 000 -LEADER | |
|---|---|
| fixed length control field | 00502nam a22001577a 4500 |
| 008 - FIXED-LENGTH DATA ELEMENTS--GENERAL INFORMATION | |
| fixed length control field | 230622b |||||||| |||| 00| 0 eng d |
| 040 ## - CATALOGING SOURCE | |
| Original cataloging agency | National Science Library |
| Transcribing agency | National Science Library |
| 080 ## - UNIVERSAL DECIMAL CLASSIFICATION NUMBER | |
| Universal Decimal Classification number | R 539.1+61.039(038)=82 |
| Item number | K1 |
| 100 ## - MAIN ENTRY--PERSONAL NAME | |
| Personal name | Clason, W E |
| 245 ## - TITLE STATEMENT | |
| Title | Russian supplement to elsevier's dictionary of nuclear science and technology |
| 260 ## - PUBLICATION, DISTRIBUTION, ETC. | |
| Place of publication, distribution, etc. | Amsterdam: |
| Name of publisher, distributor, etc. | Elsevier Publishing Company, |
| Date of publication, distribution, etc. | 1961 |
| 300 ## - PHYSICAL DESCRIPTION | |
| Extent | 98p. |
| 650 ## - SUBJECT ADDED ENTRY--TOPICAL TERM | |
| Topical term or geographic name entry element | Nuclear |
| 653 ## - INDEX TERM--UNCONTROLLED | |
| Uncontrolled term | Science |
| 942 ## - ADDED ENTRY ELEMENTS (KOHA) | |
| Source of classification or shelving scheme | Universal Decimal Classification |
| Koha item type | Reference |
| Withdrawn status | Lost status | Source of classification or shelving scheme | Damaged status | Not for loan | Home library | Current library | Shelving location | Date acquired | Total Checkouts | Full call number | Barcode | Date last seen | Price effective from | Koha item type |
|---|---|---|---|---|---|---|---|---|---|---|---|---|---|---|
| Universal Decimal Classification | National Science Library | National Science Library | GF/Rk-14/C-8/R-2 | 13/08/1964 | R 539.1+61.039(038)=82 K1 | 8681 | 22/06/2023 | 22/06/2023 | Reference |